00366 a2200109 4500001001000000005001700010008004100027245006900068100001800137700002900155773007200184ART_1183520260410161901.0260409a 10aInterdependent welfare functions and optimal income distribution1 aKapteyn, Arie1 avan Herwaarden, Floor G.0 tJournal of public economicsg- Vol. 14, NÂș 3 (dic. 1980)wREV11485